000 00492nam a2200169Ia 4500
005 20250923144519.0
008 008 250917s9999 xx 000 0 eng d
037 _aTextual
040 _aDSWL
_beng
_cDSWL
041 _aeng
_2eng
084 _qDSWL
245 0 _aReport of the Jagdeshpur march 55
_cby Third Conference for Tribes & Tribal Scheduled Area
260 _aDelhi
_bBhartiya Adamjali Sewak Sangh
_c1955
300 _aiv,321p.
942 _cTEXL
999 _c1439864
_d1439864